Cartografía general
Saved in:
| Hovedforfatter: | |
|---|---|
| Format: | Bog |
| Sprog: | spansk |
| Udgivet: |
Barcelona
Omega
1985
|
| Udgivelse: | 7a. ed |
| Fag: | |
| Tags: |
Tilføj Tag
Ingen Tags, Vær først til at tagge denne postø!
|
MARC
| LEADER | 00000cam a2200000 a 4500 | ||
|---|---|---|---|
| 001 | UCU2006 | ||
| 003 | CL-VaPUC | ||
| 008 | 960419e19850000SP |||||||||||||||||spa|d | ||
| 082 | 0 | 4 | |a 526.8 |b RAI |2 21 |
| 100 | 0 | |a Raisz, Erwin Josephus |e author |9 357829 | |
| 245 | 1 | 0 | |a Cartografía general |
| 250 | |a 7a. ed | ||
| 300 | |a 436 p | ||
| 942 | |c BK | ||
| 945 | |d 19960419 00:00:00 |a lriquelm | ||
| 260 | |a Barcelona |b Omega |c 1985 | ||
| 650 | 0 | |a Cartografía |9 266055 | |
| 650 | 0 | |a Geografía |9 259346 | |
| 650 | 0 | |a Topografía |9 260423 | |
| 650 | 0 | |a Mapas |9 260844 | |
| 583 | |a last modification |c 20141009 11:09:10 |k Rodrigo Vera | ||
| 999 | |c 246413 |d 246411 | ||
| 952 | |0 0 |1 0 |4 0 |6 526_800000000000000_RAI_1985 |7 0 |8 A |9 261368 |a BIBING |b BIBING |d 2019-11-19 |i 2017636 |l 1 |o 526.8 RAI 1985 |p 2017636 |r 2025-01-20 |s 2022-10-21 |w 2019-11-19 |y BK |k GEO | ||
| 952 | |0 0 |1 0 |3 erb |4 0 |6 526_800000000000000_RAI_1985 |7 0 |8 CCM |9 261369 |a BIBCUR |b BIBCUR |i 5117917 |l 1 |m 2 |o 526.8 RAI 1985 |p 5117917 |q 2025-03-31 |r 2025-04-22 |s 2025-03-10 |w 2019-11-19 |y BK |z Catalogado en:20141009 |k CIM | ||